=LDR 00000nam 2200000 4500 =001 INLIS000000000031336 =005 20130612133421 =008 ***********************************ind** =035 ##$$0010-061300000031336 =041 ##$$a ind =082 ##$$a 628. 162 =090 ##$$a 628. 162 , Pen p =245 ##$$a PENGELOLAAN sumberdaya air dalam otonomi daerah, Robert J. Kodoatie,Suharyanto, Sri Sangkawati, Sutarto Edhisono =260 ##$$a 2005 $b Yogyakarta =300 ##$$a xii, 290 hlm. , 23 cm =650 ##$$a Air =650 ##$$a Suplay =700 ##$$a Kodoati,Robert J =850 ##$$a NBPNMAT